| 000 | 00546nam a22001575i 4500 | ||
|---|---|---|---|
| 001 | 184400 | ||
| 003 | ES-MaACL | ||
| 005 | 20251122063143.0 | ||
| 008 | 150818s1879 sp |||| | spa d | ||
| 100 | 1 |
_aOrtega Munilla, José, _d1856-1922 _987477 |
|
| 245 | 1 | 0 |
_aLucio Tréllez _b: relación contemporánea / _cpor José Ortega Munilla. |
| 260 |
_aMadrid : _b[s.n.], _c1879 ( _fImp. de A. Flórez) |
||
| 300 |
_a271 p. ; _c19 cm. |
||
| 852 |
_aES-MaACL _jT-884-F-2 _z.- Ded. ms. del autor a Gustavo Saenz Diez |
||
| 999 |
_c184400 _d184400 |
||